01004 2200313 4500001002100000005001500021035002000036007000300056008004100059020002200100082001800122084002000140100004000160245010800200250003400308300003900342650003600381700003500417504003200452264003200484336002100516337003000537338002300567040002200590090002200612850001200634999002200646990002200668INLIS00000000090150520260114024824 a0010-0126000438ta260114s2025 yoia g ind d a978-634-01-1487-404223a364.15554 a364.15554 IKA c0 aIka Dewi Sartika SaimimaePengarang10aChild grooming dan eksploitasi seksual anak /cIka Dewi Sartika Saimima; penyunting, Annisa Nur Hidayah aCetakan pertama: Oktober 2025 axii, 64 halaman :bgambar ;c23 cm 4aPelecehan seksual terhadap anak0 aAnnisa Nur HidayahePenyunting aBibliografi : halaman 60-6331aSleman :bDeepublish,c2025 2rdacontentateks 2rdamediaatanpa perantara 2rdacarrieravolume aYOPDYOGbinderda aCB-D.11 2025-4182 aYOPDYOG aCB-D.11/2025-4182 aCB-D.11/2025-4182